Gemeinden im Landkreis Hersfeld-Rotenburg - Statistiken

Allgemein
  • Dieses Quiz wurde 15 mal gespielt
  • Das Durchschnittsergebnis liegt bei 14 aus 20
Antwortstatistiken
Antwort % Korrekt
Alheim
92%
Bad Hersfeld
92%
Bebra
92%
Ludwigsau
92%
Rotenburg a. d. Fulda
92%
Heringen (Werra)
85%
Hauneck
77%
Haunetal
69%
Wildeck
69%
Breitenbach a. Herzberg
62%
Cornberg
62%
Kirchheim
62%
Neuenstein
62%
Philippsthal (Werra)
62%
Ronshausen
62%
Friedewald
54%
Nentershausen
54%
Niederaula
54%
Schenklengsfeld
54%
Hohenroda
38%
Keine übereinstimmenden Quizze gefunden
Verteilung der Resultate
Anzahl Personen mit jedem Resultat
Perzentil nach korrekt beantworteten Fragen
Ihre Resultats-Entwicklung
Sie haben dieses Quiz noch nicht gespielt